00402nam a2200169Ia 4500003000400000005001700004008004100021040000700062041000800069082001700077100002100094245002500115260002800140300001200168365001200180650004000192OSt20230608114003.0210423s1997 xx 000 0 und d cAL aeng a650 AQUB223 aAQUINAS (Paul G) aBusiness and society bUnited Publishersc1997 a201bPB b45cINR aManagement & Auxiliary Services 650